[Event "SV Nürtingen 1 - Stuttgarter SF 2"]
[Site "?"]
[Date "2021.09.19"]
[Round "1.1"]
[White "Beyer, Christian"]
[Black "Weigand, Bernhard"]
[Result "1-0"]
[WhiteElo "2301"]
[BlackElo "2194"]
[PlyCount "103"]
[SourceVersionDate "2021.09.20"]

1. e4 Nf6 2. Nc3 e5 3. Nf3 Nc6 4. Bb5 Bc5 5. Nxe5 Qe7 6. Nd3 Nxe4 7. O-O Ng5 8.
Nd5 Qd6 9. Nxc7+ Qxc7 10. Nxc5 Ne6 11. Nxe6 dxe6 12. d4 O-O 13. c3 Ne7 14. Re1
Bd7 15. Bd3 Ng6 16. Qf3 Bc6 17. Qg3 Qxg3 18. hxg3 Rfe8 19. Be3 Nf8 20. f3 f5
21. Kf2 a6 22. Re2 Rac8 23. Rc1 Ng6 24. b3 Bd7 25. Bf4 Kf7 26. Be5 h6 27. a4
Bc6 28. a5 Bd5 29. c4 Bc6 30. Bd6 Rcd8 31. Bc5 Kf6 32. f4 Kf7 33. b4 Ne7 34.
Rce1 Ng8 35. d5 exd5 36. b5 axb5 37. cxb5 Bd7 38. Re5 Nf6 39. Re7+ Kg6 40. Bb6
Rxe7 41. Rxe7 Re8 42. Rxe8 Bxe8 43. Ke3 Kf7 44. Kd4 Ke6 45. Bc7 Ne4 46. Be5 g5
47. Bg7 gxf4 48. gxf4 h5 49. Be5 Bd7 50. b6 Bc6 51. a6 bxa6 52. Bxa6 1-0

[Event "SV Nürtingen 1 - Stuttgarter SF 2"]
[Site "?"]
[Date "2021.09.19"]
[Round "1.2"]
[White "Mehne, Claudius"]
[Black "Fritsch, Rolf"]
[Result "1/2-1/2"]
[WhiteElo "2223"]
[BlackElo "2177"]
[PlyCount "69"]
[SourceVersionDate "2021.09.20"]

1. e4 c6 2. Nc3 d5 3. Nf3 Bg4 4. h3 Bxf3 5. Qxf3 e6 6. Be2 Nd7 7. O-O Ngf6 8.
Rd1 Bb4 9. Qg3 O-O 10. d3 Bxc3 11. bxc3 Qb8 12. Bf4 e5 13. Bh6 Ne8 14. exd5
cxd5 15. d4 Ndf6 16. Bc1 Ne4 17. Qe3 N8f6 18. f3 exd4 19. Qxd4 Ng3 20. Bd3 Ngh5
21. Rb1 Re8 22. c4 dxc4 23. Bxc4 Qc7 24. Bd3 b6 25. Rb5 Rad8 26. Qh4 g6 27. Bg5
Qc6 28. Rbb1 Rd5 29. Kh1 Qd6 30. Bh6 Ng3+ 31. Kg1 Rh5 32. Qf4 Qxf4 33. Bxf4
Ne2+ 34. Bxe2 Rxe2 35. Rd2 1/2-1/2

[Event "SV Nürtingen 1 - Stuttgarter SF 2"]
[Site "?"]
[Date "2021.09.19"]
[Round "1.3"]
[White "Schwarzburger, Lothar"]
[Black "Mareck, Sascha"]
[Result "1-0"]
[WhiteElo "2133"]
[BlackElo "2178"]
[PlyCount "61"]
[SourceVersionDate "2021.09.20"]

1. e4 c5 2. Nf3 d6 3. d4 cxd4 4. Nxd4 Nf6 5. Nc3 a6 6. Bg5 Nbd7 7. Qd2 h6 8.
Bh4 g6 9. a4 e5 10. Nb3 Be7 11. Be2 b6 12. f3 Bb7 13. Bf2 Kf8 14. Nd5 Nxd5 15.
exd5 Kg7 16. c4 a5 17. O-O Bg5 18. Be3 Rc8 19. f4 exf4 20. Bxf4 Ne5 21. Rac1
Re8 22. Nd4 Bxf4 23. Rxf4 Ba6 24. b3 Qg5 25. h4 Qe7 26. Rcf1 Rc7 27. h5 Bc8 28.
hxg6 fxg6 29. Nb5 Rd7 30. Qd4 Qd8 31. Bg4 1-0

[Event "SV Nürtingen 1 - Stuttgarter SF 2"]
[Site "?"]
[Date "2021.09.19"]
[Round "1.4"]
[White "Schwarz, Arnd-Rüdiger"]
[Black "Gabriel, Robert"]
[Result "1/2-1/2"]
[WhiteElo "2145"]
[BlackElo "2220"]
[PlyCount "120"]
[SourceVersionDate "2021.09.20"]

1. d4 Nf6 2. c4 e6 3. Nf3 Bb4+ 4. Bd2 Qe7 5. g3 Nc6 6. Nc3 d6 7. Bg2 Bxc3 8.
Bxc3 Ne4 9. Rc1 O-O 10. O-O Nxc3 11. Rxc3 a5 12. d5 Nb4 13. a3 Na6 14. Qc2 c5
15. dxc6 bxc6 16. Nd4 Bb7 17. Nxc6 Bxc6 18. Bxc6 Rab8 19. Bb5 Nc7 20. Qa4 Nxb5
21. cxb5 Qb7 22. Qxa5 Qxb5 23. Qxb5 Rxb5 24. b4 g5 25. Rfc1 Kg7 26. Rc8 Rxc8
27. Rxc8 Rb7 28. f3 Kf6 29. Kf2 Ke5 30. Ke3 d5 31. Kd3 Ra7 32. Rc3 Kd6 33. e3
e5 34. Rb3 h5 35. f4 gxf4 36. gxf4 f6 37. Rc3 h4 38. fxe5+ fxe5 39. Kc2 d4 40.
exd4 exd4 41. Rh3 Kd5 42. Kb3 Re7 43. Rxh4 Re3+ 44. Ka4 d3 45. Rh8 Kd4 46. Kb3
Re1 47. Rd8+ Ke3 48. Kc4 d2 49. a4 d1=Q 50. Rxd1 Rxd1 51. a5 Ra1 52. h4 Rh1 53.
b5 Rxh4+ 54. Kc5 Rh5+ 55. Kb6 Kd4 56. a6 Kc4 57. a7 Rxb5+ 58. Ka6 Rb1 59. a8=Q
Ra1+ 60. Kb7 Rxa8 1/2-1/2

[Event "SV Nürtingen 1 - Stuttgarter SF 2"]
[Site "?"]
[Date "2021.09.19"]
[Round "1.5"]
[White "Weidel, Albrecht"]
[Black "Aring, Gerd"]
[Result "0-1"]
[WhiteElo "2167"]
[BlackElo "2203"]
[PlyCount "62"]
[SourceVersionDate "2021.09.20"]

1. d4 Nf6 2. c4 e6 3. Nc3 d5 4. cxd5 exd5 5. Bg5 Be7 6. e3 O-O 7. Bd3 c6 8. Qc2
Nbd7 9. Nf3 Re8 10. Bf4 Nf8 11. h3 Ng6 12. Bh2 Bd6 13. Bxd6 Qxd6 14. O-O Bd7
15. Rab1 Re7 16. b4 b6 17. a4 Rae8 18. a5 Ne4 19. axb6 axb6 20. Rfd1 f5 21. b5
Kh8 22. bxc6 Qxc6 23. Ne2 Qd6 24. Qb3 Nxf2 25. Kxf2 Rxe3 26. Qb4 Qe6 27. Rb2
Rxf3+ 28. gxf3 Qe3+ 29. Kf1 Qxf3+ 30. Ke1 Nf4 31. Qd6 Ba4 0-1

[Event "SV Nürtingen 1 - Stuttgarter SF 2"]
[Site "?"]
[Date "2021.09.19"]
[Round "1.6"]
[White "Gold, Stefan"]
[Black "Forster, Lukas"]
[Result "1-0"]
[WhiteElo "1999"]
[BlackElo "1862"]
[PlyCount "85"]
[SourceVersionDate "2021.09.20"]

1. d4 Nf6 2. Nf3 g6 3. Bf4 Bg7 4. e3 O-O 5. Be2 c5 6. c3 cxd4 7. cxd4 d5 8. h3
Nc6 9. O-O Ne4 10. Nc3 Bf5 11. Qb3 Nxc3 12. bxc3 b6 13. Rac1 Na5 14. Qb4 Rc8
15. Ba6 Rc6 16. Bb5 Rc8 17. Ba6 Rc6 18. Bb5 Rc8 19. Nd2 Be6 20. Ba6 Rc6 21. Bb5
Rc8 22. c4 dxc4 23. Nxc4 Nxc4 24. Bxc4 Bxc4 25. Rxc4 Rxc4 26. Qxc4 Qd7 27. Rc1
h6 28. Qa6 g5 29. Bg3 e5 30. dxe5 Re8 31. e6 Rxe6 32. Rc7 Qd5 33. Qxa7 Re4 34.
Rd7 Qc4 35. Qa8+ Kh7 36. Rxf7 Qxf7 37. Qxe4+ Kh8 38. a4 Qb3 39. Qe8+ Kh7 40.
Qd7 Kg6 41. Bc7 Qb4 42. g4 Qb1+ 43. Kh2 1-0

[Event "SV Nürtingen 1 - Stuttgarter SF 2"]
[Site "?"]
[Date "2021.09.19"]
[Round "1.7"]
[White "Migl, Dieter"]
[Black "Doll, Michael"]
[Result "1-0"]
[WhiteElo "2103"]
[BlackElo "2169"]
[PlyCount "55"]
[SourceVersionDate "2021.09.20"]

1. e4 e6 2. d4 d5 3. Nc3 Bb4 4. Qg4 Nf6 5. Qxg7 Rg8 6. Qh6 dxe4 7. a3 Bf8 8.
Qe3 Nc6 9. Nge2 b6 10. Nxe4 Bb7 11. Nxf6+ Qxf6 12. Qf4 Qe7 13. Be3 O-O-O 14.
O-O-O Rd5 15. Nc3 Rf5 16. Qe4 Ne5 17. Ba6 Nc6 18. Bxb7+ Kxb7 19. d5 Rxd5 20.
Nxd5 exd5 21. Qxd5 Bg7 22. Rhe1 Qf6 23. c3 Kb8 24. Kb1 Ne7 25. Qg5 Nf5 26. Qxf6
Bxf6 27. g3 Kc8 28. Bf4 1-0

[Event "SV Nürtingen 1 - Stuttgarter SF 2"]
[Site "?"]
[Date "2021.09.19"]
[Round "1.8"]
[White "Reutter, Frank"]
[Black "Seyfried, Claus"]
[Result "0-1"]
[WhiteElo "1940"]
[BlackElo "2056"]
[PlyCount "64"]
[SourceVersionDate "2021.09.20"]

1. Nf3 d5 2. g3 Nf6 3. Bg2 c6 4. O-O Bg4 5. d4 Nbd7 6. Nbd2 h6 7. b3 e6 8. Bb2
Be7 9. Re1 O-O 10. c4 Re8 11. e4 Bb4 12. exd5 cxd5 13. cxd5 Nxd5 14. Rc1 Rc8
15. a3 Nc3 16. Bxc3 Bxc3 17. h3 Bxf3 18. Bxf3 Bxd4 19. Rxc8 Qxc8 20. Ne4 Be5
21. Nd6 Bxd6 22. Qxd6 Nf6 23. Rd1 e5 24. Be2 Qxh3 25. Bf1 Qe6 26. Qc7 Qxb3 27.
Rd8 Rxd8 28. Qxd8+ Kh7 29. Qc8 Kg6 30. Bc4 Qb1+ 31. Kh2 Qc2 32. Kg1 Ne4 0-1

[Event "SK Bebenhausen 1 - SG Schwäbisch Gmünd 1"]
[Site "?"]
[Date "2021.09.19"]
[Round "1.1"]
[White "Velicka, Petr"]
[Black "Braun, Georg"]
[Result "1/2-1/2"]
[WhiteElo "2393"]
[BlackElo "2402"]
[PlyCount "104"]
[SourceVersionDate "2021.09.20"]

1. e4 e6 2. d4 d5 3. Nd2 c5 4. exd5 Qxd5 5. Ngf3 cxd4 6. Bc4 Qd6 7. O-O Nf6 8.
Nb3 Nc6 9. Nbxd4 Nxd4 10. Qxd4 Qxd4 11. Nxd4 Bd7 12. Rd1 Rc8 13. Bb3 Bc5 14. c3
Ke7 15. h3 Rhd8 16. Be3 h6 17. Re1 Ne8 18. Rad1 Nd6 19. Bf4 Nb5 20. Nf5+ Kf8
21. Nd6 Nxd6 22. Bxd6+ Bxd6 23. Rxd6 Bc6 24. Red1 Rxd6 25. Rxd6 g5 26. f3 Ke7
27. Rd2 h5 28. h4 g4 29. f4 a5 30. a3 Be4 31. Kf2 Rc5 32. Ke3 Bc6 33. g3 f6 34.
Kd4 b6 35. Re2 Bd5 36. c4 Bf3 37. Re3 Kd6 38. Ba4 e5+ 39. fxe5+ fxe5+ 40. Kc3
Ke6 41. b4 axb4+ 42. axb4 Rc8 43. Bc2 Ra8 44. Kb2 Rf8 45. Kc3 Bc6 46. Kd2 Ra8
47. c5 bxc5 48. bxc5 Kd5 49. Bg6 Ra2+ 50. Kc3 Ra3+ 51. Kd2 Ra2+ 52. Kc3 Ra3+
1/2-1/2

[Event "SK Bebenhausen 1 - SG Schwäbisch Gmünd 1"]
[Site "?"]
[Date "2021.09.19"]
[Round "1.2"]
[White "Wendler, David"]
[Black "Jurek, Josef"]
[Result "1-0"]
[WhiteElo "2280"]
[BlackElo "2204"]
[PlyCount "89"]
[SourceVersionDate "2021.09.20"]

1. e4 e6 2. d4 d5 3. Nc3 Bb4 4. e5 c5 5. a3 Ba5 6. b4 cxd4 7. Nb5 Bc7 8. f4 Bd7
9. Nxc7+ Qxc7 10. Nf3 Ba4 11. Bd3 Qc3+ 12. Bd2 Qxd3 13. cxd3 Bxd1 14. Kxd1 Ne7
15. Ke2 a6 16. Rac1 Kd7 17. Nxd4 Rc8 18. Nb3 Rc6 19. a4 b6 20. Be3 Kc7 21. b5
Rxc1 22. Rxc1+ Kb7 23. a5 axb5 24. Bxb6 Nec6 25. Nc5+ Kc8 26. Ke3 b4 27. g4 g6
28. h4 h6 29. h5 gxh5 30. gxh5 Ne7 31. Nxe6+ Kd7 32. Nc7 Ra6 33. Nxa6 Nxa6 34.
Kf3 Nc6 35. Kg4 Ne7 36. f5 d4 37. Bxd4 Nc6 38. e6+ fxe6 39. fxe6+ Kd6 40. Bf6
b3 41. e7 Nc7 42. a6 Ne8 43. Kf5 b2 44. Rxc6+ Kxc6 45. Bxb2 1-0

[Event "SK Bebenhausen 1 - SG Schwäbisch Gmünd 1"]
[Site "?"]
[Date "2021.09.19"]
[Round "1.3"]
[White "Denisow, Jewgeny"]
[Black "Bräuning, Rudolf Wilhelm"]
[Result "0-1"]
[WhiteElo "2163"]
[BlackElo "2223"]
[PlyCount "82"]
[SourceVersionDate "2021.09.20"]

1. e4 e5 2. Nf3 Nc6 3. c3 Nf6 4. d4 Nxe4 5. Bd3 d5 6. Bxe4 dxe4 7. Nxe5 Nxe5 8.
dxe5 Qxd1+ 9. Kxd1 Bg4+ 10. Kc2 Bc5 11. Be3 Bxe3 12. fxe3 Be2 13. Nd2 Bd3+ 14.
Kb3 O-O-O 15. a4 Rd5 16. Nc4 Rc5 17. Na3 Rxe5 18. Rad1 Rhe8 19. Rd2 Rf5 20. Nc2
c5 21. c4 Rd8 22. Rhd1 Rf1 23. Rxf1 Bxf1 24. Rf2 Rd3+ 25. Ka2 Rd1 26. b3 f6 27.
Kb2 Bd3 28. b4 b6 29. bxc5 bxc5 30. Kb3 Kb7 31. Na3 a6 32. g4 h6 33. h4 Rg1 34.
Rf4 Rg3 35. Nc2 Kc6 36. a5 Kd6 37. Kc3 Bxc2 38. Kxc2 Rxe3 39. g5 hxg5 40. hxg5
Ke5 41. gxf6 gxf6 0-1

[Event "SK Bebenhausen 1 - SG Schwäbisch Gmünd 1"]
[Site "?"]
[Date "2021.09.19"]
[Round "1.4"]
[White "Roth, Jürgen Eugen"]
[Black "Weiss, Andreas"]
[Result "1/2-1/2"]
[WhiteElo "2177"]
[BlackElo "2153"]
[PlyCount "108"]
[SourceVersionDate "2021.09.20"]

1. e4 c5 2. Nc3 e6 3. g3 Nc6 4. Bg2 g6 5. Nge2 Bg7 6. d3 Nge7 7. Be3 Nd4 8. Qd2
Nec6 9. O-O O-O 10. Nd1 Nxe2+ 11. Qxe2 b6 12. c3 Ba6 13. f4 f5 14. Nf2 Rc8 15.
h4 d5 16. e5 d4 17. Bd2 dxc3 18. bxc3 Qd7 19. Be3 Rfd8 20. Rfd1 Bf8 21. Qc2 Ne7
22. a4 Bb7 23. Qe2 Nc6 24. h5 Na5 25. hxg6 hxg6 26. g4 Bc6 27. gxf5 exf5 28.
Bxc6 Qxc6 29. Nh3 Be7 30. Qg2 Qxg2+ 31. Kxg2 Rd5 32. Kf3 Rcd8 33. Ke2 Kf7 34.
Nf2 Nc6 35. Rh1 Kg7 36. Rag1 g5 37. Rh5 Rh8 38. Rgxg5+ Bxg5 39. Rxg5+ Kf7 40.
Rxf5+ Ke7 41. Ne4 Rh2+ 42. Bf2 c4 43. d4 Nxd4+ 44. cxd4 Rxd4 45. Nc3 Rd3 46.
Nd1 Rxd1 47. Kxd1 Rxf2 48. Rf6 c3 49. f5 Rd2+ 50. Kc1 Rd5 51. Re6+ Kf7 52. Kc2
Rc5 53. Rf6+ Ke7 54. Re6+ Kf7 1/2-1/2

[Event "SK Bebenhausen 1 - SG Schwäbisch Gmünd 1"]
[Site "?"]
[Date "2021.09.19"]
[Round "1.5"]
[White "Hönick, Andreas"]
[Black "Frick, Christoph"]
[Result "0-1"]
[WhiteElo "2147"]
[BlackElo "2085"]
[PlyCount "68"]
[SourceVersionDate "2021.09.20"]

1. d4 d5 2. c4 c6 3. Nf3 Nf6 4. Nc3 dxc4 5. a4 Bf5 6. e3 e6 7. Bxc4 Bb4 8. O-O
O-O 9. Nh4 Bg4 10. f3 Bh5 11. g4 Nd5 12. Ng2 Bg6 13. Na2 Be7 14. e4 Nb6 15. Bb3
c5 16. a5 c4 17. Bc2 N6d7 18. Nc3 Nc6 19. a6 Nxd4 20. axb7 Rb8 21. Be3 Nxc2 22.
Qxc2 Bc5 23. Na4 Bxe3+ 24. Nxe3 Nb6 25. Kg2 Rxb7 26. Rfd1 Qc7 27. Nxb6 Rxb6 28.
Nxc4 f5 29. Qe2 fxg4 30. fxg4 Rc6 31. Ra4 Qf4 32. Nd2 Rc2 33. Rd4 e5 34. Rc4
Rxb2 0-1

[Event "SK Bebenhausen 1 - SG Schwäbisch Gmünd 1"]
[Site "?"]
[Date "2021.09.19"]
[Round "1.6"]
[White "Carstens, Andreas"]
[Black "Bergner, Philipp"]
[Result "0-1"]
[WhiteElo "2139"]
[BlackElo "2089"]
[PlyCount "100"]
[SourceVersionDate "2021.09.20"]

1. e4 e5 2. Nf3 Nc6 3. Bc4 Nf6 4. d3 Be7 5. c3 O-O 6. O-O d6 7. h3 Na5 8. Bb5
a6 9. Ba4 b5 10. Bc2 c5 11. d4 Qc7 12. Nbd2 Bd7 13. Re1 Rac8 14. Bd3 cxd4 15.
cxd4 Nc6 16. Nb3 Nb4 17. Bb1 Rfd8 18. Bd2 d5 19. exd5 e4 20. Ng5 e3 21. Rxe3
Nbxd5 22. Re1 Re8 23. Bd3 Bd6 24. Rxe8+ Rxe8 25. Rc1 Qd8 26. Nc5 Nf4 27. Nb7
Qa8 28. Qf3 Nxd3 29. Nxd6 Nxc1 30. Qxa8 Rxa8 31. Bxc1 Be6 32. a3 Rd8 33. Bf4
Nd5 34. Bg3 Nb6 35. Nge4 Na4 36. b4 Bd5 37. Nc5 Nc3 38. Kf1 Ra8 39. f3 Bc4+ 40.
Ke1 Nd5 41. Kd2 Bf1 42. h4 Bxg2 43. f4 a5 44. Nxb5 axb4 45. axb4 Ra2+ 46. Ke1
Bf3 47. Bf2 Nxf4 48. Nc3 Ng2+ 49. Kf1 Ra1+ 50. Be1 Nxe1 0-1

[Event "SK Bebenhausen 1 - SG Schwäbisch Gmünd 1"]
[Site "?"]
[Date "2021.09.19"]
[Round "1.7"]
[White "Pohl, Walter"]
[Black "Khadempour, Farhad"]
[Result "0-1"]
[WhiteElo "2108"]
[BlackElo "2144"]
[PlyCount "78"]
[SourceVersionDate "2021.09.20"]

1. c4 c5 2. Nc3 Nc6 3. g3 Nf6 4. Bg2 g6 5. e4 Bg7 6. Nge2 O-O 7. O-O Ne8 8. d3
Nc7 9. f4 Ne6 10. f5 Ned4 11. Bg5 d6 12. g4 Bd7 13. Qd2 Nxe2+ 14. Nxe2 Ne5 15.
h3 b5 16. Rac1 Rb8 17. b3 Bc6 18. Nc3 a6 19. Nd5 Bxd5 20. exd5 a5 21. Be4 a4
22. Rb1 Qd7 23. Kg2 Rb7 24. Bf4 Rfb8 25. Bxe5 Bxe5 26. fxg6 fxg6 27. Qf2 Qe8
28. bxa4 bxa4 29. Rxb7 Rxb7 30. Re1 Bd4 31. Qf3 Rb2+ 32. Re2 a3 33. h4 Qa4 34.
Bxg6 hxg6 35. Qe4 Qe8 36. Kh3 Qf7 37. Kg3 Be5+ 38. Kg2 Rxe2+ 39. Qxe2 Qf4 0-1

[Event "SK Bebenhausen 1 - SG Schwäbisch Gmünd 1"]
[Site "?"]
[Date "2021.09.19"]
[Round "1.8"]
[White "Waffenschmid, Lars"]
[Black "Bader, Gerd"]
[Result "1-0"]
[WhiteElo "1940"]
[BlackElo "2056"]
[PlyCount "115"]
[SourceVersionDate "2021.09.20"]

1. e4 d6 2. d4 e5 3. Nf3 Nd7 4. Bc4 c6 5. O-O Be7 6. dxe5 dxe5 7. Ng5 Bxg5 8.
Qh5 Qe7 9. Qxg5 Ngf6 10. b3 O-O 11. a4 Re8 12. Ba3 c5 13. Nc3 Nb6 14. Bb5 Bd7
15. a5 Bxb5 16. Nxb5 Nc8 17. Qe3 Qd7 18. Qxc5 Nxe4 19. Qc4 a6 20. Qxe4 Qxb5 21.
Rfd1 Na7 22. Rd5 Qc6 23. c4 f6 24. Rad1 Rad8 25. Qg4 Rxd5 26. Rxd5 Qe6 27.
Qxe6+ Rxe6 28. Rd8+ Kf7 29. Rd7+ Kg6 30. Rxb7 Nc8 31. Rc7 Re8 32. Rc6 Rd8 33.
Kf1 Kf5 34. Ke2 e4 35. Rc5+ Kg6 36. Rc6 Kf5 37. Bc5 Ke5 38. Rxa6 f5 39. Rc6 f4
40. a6 g5 41. a7 Nxa7 42. Bxa7 g4 43. Rc5+ Ke6 44. b4 Rd3 45. Bb8 f3+ 46. gxf3
gxf3+ 47. Ke1 Rb3 48. Re5+ Kf6 49. b5 Rb1+ 50. Kd2 Rb2+ 51. Ke3 Re2+ 52. Kf4
Rxf2 53. Kxe4 Rc2 54. Kxf3 Rxc4 55. Re4 Rc3+ 56. Re3 Rc2 57. b6 Kf5 58. Rb3 1-0

[Event "SC Weiße Dame Ulm 1 - TG Biberach 1"]
[Site "?"]
[Date "2021.09.19"]
[Round "1.1"]
[White "Deuer, Marius"]
[Black "Fleischer, Frank"]
[Result "1-0"]
[WhiteElo "2206"]
[BlackElo "2198"]
[PlyCount "97"]
[SourceVersionDate "2021.09.21"]

1. d4 e6 2. c4 f5 3. Nf3 Nf6 4. g3 Be7 5. Bg2 O-O 6. O-O Ne4 7. Nbd2 d5 8. Qc2
Nc6 9. e3 a5 10. a3 Qd6 11. b3 b6 12. Bb2 Bb7 13. Rac1 Rac8 14. Rfd1 Bf6 15.
cxd5 exd5 16. Bh3 g6 17. Ne1 Nd8 18. Qb1 Nf7 19. Nd3 Qe7 20. Nf3 Rfe8 21. Bg2
Qe6 22. Rc2 c6 23. Nfe5 Nxe5 24. dxe5 Bg7 25. f3 Ng5 26. h4 Nf7 27. Nf4 Qe7 28.
e6 Nd8 29. Bxg7 Qxg7 30. e4 fxe4 31. fxe4 d4 32. Bh3 Rc7 33. Rf2 Qe5 34. Qd3 c5
35. Qc4 Kg7 36. Kh2 Rce7 37. Re1 Bc6 38. Nd3 Qd6 39. Nf4 Nxe6 40. Nxe6+ Rxe6
41. Bxe6 Rxe6 42. e5 Qd5 43. Qf1 Be8 44. Rf8 Qxb3 45. Qf4 Qa2+ 46. Kh3 Qd5 47.
h5 gxh5 48. Rf1 Qxe5 49. Rg8+ 1-0

[Event "SC Weiße Dame Ulm 1 - TG Biberach 1"]
[Site "?"]
[Date "2021.09.19"]
[Round "1.2"]
[White "Weber, Franz-Josef"]
[Black "Sokratov, Stanislav"]
[Result "1-0"]
[WhiteElo "2057"]
[BlackElo "2198"]
[PlyCount "74"]
[SourceVersionDate "2021.09.21"]

1. e4 c6 2. Ne2 d5 3. e5 c5 4. d4 Nc6 5. c3 cxd4 6. cxd4 Bf5 7. Nbc3 e6 8. a3
f6 9. Ng3 Bg6 10. Bd3 Bxd3 11. Qxd3 Qb6 12. exf6 Nxf6 13. O-O Qxd4 14. Qe2 Kf7
15. Bg5 Qe5 16. Qb5 Rb8 17. Bxf6 Qxf6 18. Rae1 a6 19. Qd3 g6 20. Kh1 Kg7 21. f4
Qd4 22. Qf3 Bc5 23. Rxe6 Rhe8 24. Rxe8 Rxe8 25. f5 Re3 26. f6+ Kf7 27. Qxd5+
Qxd5 28. Nxd5 Re5 29. Nc3 Bd4 30. Nce4 Bxb2 31. Rb1 Rd5 32. h4 Bxa3 33. Rxb7+
Ke6 34. Rb6 Kd7 35. Rxa6 Bb2 36. f7 Bg7 37. Nf6+ Kd6 1-0

[Event "SC Weiße Dame Ulm 1 - TG Biberach 1"]
[Site "?"]
[Date "2021.09.19"]
[Round "1.3"]
[White "Mack, Wolfgang"]
[Black "Kill, Matthias"]
[Result "1-0"]
[WhiteElo "2252"]
[BlackElo "2049"]
[PlyCount "63"]
[SourceVersionDate "2021.09.21"]

1. c4 g6 2. g3 Bg7 3. Bg2 c5 4. Nc3 Nc6 5. a3 Nf6 6. Rb1 a5 7. d3 O-O 8. Bg5
Ne8 9. Qd2 f6 10. Be3 d6 11. Nf3 e5 12. O-O Nc7 13. Ne1 Rb8 14. Nc2 Na6 15. Nd5
Ne7 16. Nxe7+ Qxe7 17. Qxa5 b6 18. Qd2 b5 19. b4 Be6 20. cxb5 Rxb5 21. bxc5
Rxb1 22. Rxb1 Nxc5 23. Bxc5 dxc5 24. Rb7 Qd6 25. Qa5 Rb8 26. Ne3 Rxb7 27. Bxb7
f5 28. Qa8+ Kf7 29. Bd5 Bxd5 30. Nxd5 Bf8 31. Qb7+ Kg8 32. a4 1-0

[Event "SC Weiße Dame Ulm 1 - TG Biberach 1"]
[Site "?"]
[Date "2021.09.19"]
[Round "1.4"]
[White "Berning, Boris"]
[Black "Oberst, Thomas"]
[Result "1/2-1/2"]
[WhiteElo "2159"]
[BlackElo "2258"]
[PlyCount "103"]
[SourceVersionDate "2021.09.21"]

1. e4 c5 2. Nc3 Nc6 3. g3 g6 4. Bg2 Bg7 5. d3 d6 6. f4 Rb8 7. Nf3 e6 8. O-O
Nge7 9. Be3 Nd4 10. e5 Nef5 11. Bf2 b6 12. exd6 Qxd6 13. Ne4 Qc7 14. c3 Nxf3+
15. Qxf3 O-O 16. Rad1 Bb7 17. Qe2 Rbe8 18. g4 Nh6 19. g5 Nf5 20. Ng3 Bxg2 21.
Kxg2 Rd8 22. Nxf5 exf5 23. Qf3 Rfe8 24. Rfe1 Rxe1 25. Rxe1 h5 26. Rd1 Qd7 27.
Rd2 Qa4 28. a3 Qb5 29. h4 Kh7 30. Kg3 Rd7 31. Kg2 f6 32. Kg3 fxg5 33. hxg5 Qb3
34. Kg2 Qd5 35. Qxd5 Rxd5 36. Kf3 Kg8 37. Kg3 Kf7 38. Kf3 Rd7 39. Bg3 Ke6 40.
Bf2 Kd6 41. Kg3 Re7 42. Kf3 Kc6 43. Rc2 a6 44. Rd2 Re6 45. Rc2 Kd5 46. Rd2 b5
47. d4 c4 48. Be3 Bf8 49. Rd1 Bd6 50. Rh1 Re7 51. Ra1 a5 52. Rd1 1/2-1/2

[Event "SC Weiße Dame Ulm 1 - TG Biberach 1"]
[Site "?"]
[Date "2021.09.19"]
[Round "1.5"]
[White "Engelhart, Achim"]
[Black "Fröhlich, Franziska"]
[Result "0-1"]
[WhiteElo "2088"]
[BlackElo "1887"]
[PlyCount "110"]
[SourceVersionDate "2021.09.21"]

1. e4 e6 2. d4 d5 3. Nd2 Nf6 4. e5 Nfd7 5. c3 c5 6. Bd3 Nc6 7. Ne2 cxd4 8. cxd4
f6 9. exf6 Nxf6 10. Nf3 Bd6 11. O-O Qc7 12. Nc3 a6 13. Bd2 O-O 14. Rc1 Bd7 15.
Re1 Rae8 16. Na4 Qb8 17. Nc5 e5 18. dxe5 Nxe5 19. Nxe5 Bxe5 20. Nxd7 Nxd7 21.
Qh5 Nf6 22. Qh4 Bxb2 23. Rb1 Rxe1+ 24. Bxe1 Qe5 25. Bd2 b5 26. h3 Ne4 27. Re1
Bd4 28. Bxe4 dxe4 29. Re2 Qf5 30. Be3 Bf6 31. Qg3 Qd5 32. Rd2 Qc4 33. Qd6 Rd8
34. Qa3 Rxd2 35. Bxd2 Qd5 36. Be3 Be5 37. g3 Qe6 38. Kg2 h6 39. Qa5 Qc6 40.
Qd8+ Kh7 41. Qf8 Bf6 42. Qa3 Bc3 43. Qb3 a5 44. Qc2 Kh8 45. Qd1 Bf6 46. Qd2 b4
47. Kh2 Kh7 48. Kg2 Qc4 49. g4 a4 50. g5 hxg5 51. Bxg5 Qd3 52. Qc1 Qc3 53. Qxc3
Bxc3 54. Kg3 b3 55. axb3 a3 0-1

[Event "SC Weiße Dame Ulm 1 - TG Biberach 1"]
[Site "?"]
[Date "2021.09.19"]
[Round "1.6"]
[White "Förderreuther, Jonas"]
[Black "Birkenmaier, Rainer"]
[Result "1/2-1/2"]
[WhiteElo "1969"]
[BlackElo "2101"]
[PlyCount "128"]
[SourceVersionDate "2021.09.21"]

1. d4 g6 2. e4 Bg7 3. c4 d6 4. Nc3 Nc6 5. d5 Nd4 6. Nge2 c5 7. Be3 Nxe2 8. Bxe2
h5 9. O-O b6 10. Qd2 Bd7 11. Bd3 Nh6 12. h3 Qc8 13. Rae1 Kf8 14. Bf4 f6 15. Bh2
g5 16. f4 gxf4 17. Ne2 Nf7 18. Nxf4 Ne5 19. Be2 Bh6 20. Qc3 Bxf4 21. Bxf4 Ke8
22. Qg3 Kd8 23. Qg7 Kc7 24. Qxe7 Qf8 25. Qxf8 Raxf8 26. Bxe5 dxe5 27. Rf2 Kd6
28. Ref1 Rh6 29. Rf3 h4 30. Ra3 a5 31. Rb3 Rb8 32. Rbf3 Rf8 33. Kh2 Ke7 34. Rb3
Rb8 35. Rbf3 Rf8 36. R1f2 Kd6 37. Rb3 Rb8 38. Rbf3 Rf8 39. Bf1 Ke7 40. Rb3 Rb8
41. Rbf3 Rf8 42. a3 Kd6 43. b3 Rg6 44. Rb2 Rfg8 45. b4 axb4 46. axb4 Ra8 47. b5
Ke7 48. Rbf2 Ra1 49. Be2 Re1 50. Bd3 Ra1 51. Rf1 Ra2 52. R1f2 Rxf2 53. Rxf2 Rg3
54. Rf3 Rxf3 55. gxf3 Kf7 56. Kg2 Kg6 57. Bf1 Kg5 58. Kf2 Kf4 59. Bg2 Be8 60.
Ke2 Bd7 61. Kf2 Be8 62. Bf1 Bf7 63. Bd3 Bh5 64. Be2 Be8 1/2-1/2

[Event "SC Weiße Dame Ulm 1 - TG Biberach 1"]
[Site "?"]
[Date "2021.09.19"]
[Round "1.7"]
[White "Namyslo, Holger"]
[Black "Schmid, Dominik"]
[Result "1-0"]
[WhiteElo "2198"]
[BlackElo "1991"]
[PlyCount "43"]
[SourceVersionDate "2021.09.21"]

1. e4 c6 2. d4 d5 3. e5 c5 4. dxc5 e6 5. Nd2 Bxc5 6. Nb3 Ne7 7. Qg4 h5 8. Qxg7
Rg8 9. Qh7 Qb6 10. Nxc5 Qxc5 11. Nf3 Qb4+ 12. c3 Qe4+ 13. Qxe4 dxe4 14. Ng5 Ng6
15. Nxe4 Kf8 16. Bh6+ Ke7 17. Bg5+ Kf8 18. f4 Nc6 19. O-O-O Kg7 20. g3 Nge7 21.
Be2 Kg6 22. h3 1-0

[Event "SC Weiße Dame Ulm 1 - TG Biberach 1"]
[Site "?"]
[Date "2021.09.19"]
[Round "1.8"]
[White "Hartmann, Thomas"]
[Black "Schulze, Andreas"]
[Result "1/2-1/2"]
[WhiteElo "1969"]
[BlackElo "2082"]
[PlyCount "68"]
[SourceVersionDate "2021.09.21"]

1. d4 f5 2. h3 d5 3. g4 fxg4 4. hxg4 Bxg4 5. Qd3 Qd7 6. Rxh7 Bf5 7. Bh3 Bxh7 8.
Bxd7+ Nxd7 9. Qb5 O-O-O 10. Bf4 Nb6 11. Nc3 a6 12. Qa5 e6 13. Na4 Na8 14. Nc5
Bf5 15. O-O-O Ne7 16. Nf3 Nc6 17. Qc3 Bd6 18. Bg5 Ne7 19. Ne5 Bxe5 20. Bxe7
Bf4+ 21. e3 Rde8 22. exf4 Rxe7 23. Nxb7 Nb6 24. Nd6+ Kb8 25. Nxf5 exf5 26. Re1
Re4 27. Rxe4 dxe4 28. b3 Nd5 29. Qg3 Rh1+ 30. Kd2 Kb7 31. Qxg7 Rh2 32. Ke1 Rh1+
33. Kd2 Rh2 34. Ke1 Rh1+ 1/2-1/2

[Event "TSV Schönaich 2 - SK Schmiden/Cannstatt"]
[Site "?"]
[Date "2021.09.19"]
[Round "1.3"]
[White "Trachtmann, Mark"]
[Black "Lorscheid, Gerhard"]
[Result "1/2-1/2"]
[WhiteElo "2250"]
[BlackElo "2170"]
[PlyCount "87"]

1. d4 d6 2. e4 Nf6 3. Nc3 e5 4. dxe5 dxe5 5. Qxd8+ Kxd8 6. f4 Bb4 7. Bd3 Bxc3+
8. bxc3 exf4 9. Bxf4 Be6 10. Nf3 h6 11. O-O Nfd7 12. Nd4 Re8 13. Rab1 Nc5 14.
Nxe6+ Nxe6 15. Be3 f6 16. Rxb7 a6 17. e5 fxe5 18. Be4 Nd7 19. Bc6 Ke7 20. Rd1
Rad8 21. Rb4 Ndc5 22. Re1 Rh8 23. Rc4 Kd6 24. Bf3 e4 25. Bg4 Kd5 26. Rb4 Rhe8
27. Rf1 Rf8 28. Rd1+ Kc6 29. Rc4 Kb5 30. Rb4+ Kc6 31. Rc4 Kb5 32. Bxe6 Nxe6 33.
Rxe4 Rf6 34. Re5+ Kc6 35. Rxd8 Nxd8 36. Bd4 Ne6 37. h3 Rg6 38. Be3 Kb7 39. Rd5
Kc6 40. Re5 Rf6 41. Kh2 Kd7 42. Rd5+ Kc6 43. Re5 Kd7 44. Rd5+ 1/2-1/2